| 000 -LEADER |
| fixed length control field |
00738nam a22002297a 4500 |
| 001 - CONTROL NUMBER |
| control field |
19443 |
| 003 - CONTROL NUMBER IDENTIFIER |
| control field |
BD-DhUAP |
| 005 - DATE AND TIME OF LATEST TRANSACTION |
| control field |
20210127091539.0 |
| 008 - FIXED-LENGTH DATA ELEMENTS--GENERAL INFORMATION |
| fixed length control field |
200216s2014 bg ||||| |||| 00| 0 eng d |
| 040 ## - CATALOGING SOURCE |
| Original cataloging agency |
BD-DhUAP |
| Language of cataloging |
Eng |
| Transcribing agency |
BD-DhUAP |
| Modifying agency |
BD-DhUAP |
| 082 ## - DEWEY DECIMAL CLASSIFICATION NUMBER |
| Edition number |
23 |
| Classification number |
347.0504 LAW |
| 245 ## - TITLE STATEMENT |
| Title |
The lawyers : |
| Remainder of title |
a monthly appellate division law reports / |
| Statement of responsibility, etc. |
Edited by Mohammad Akbar Ameen Babul. |
| 260 ## - PUBLICATION, DISTRIBUTION, ETC. |
| Place of publication, distribution, etc. |
Dhaka : |
| Name of publisher, distributor, etc. |
The lawyers (ADC), |
| Date of publication, distribution, etc. |
c2014. |
| 300 ## - PHYSICAL DESCRIPTION |
| Extent |
volumes ; |
| Dimensions |
24 cm. |
| 500 ## - GENERAL NOTE |
| General note |
Bangabandhu murder case appellate division full judgement. |
| 504 ## - BIBLIOGRAPHY, ETC. NOTE |
| Bibliography, etc. note |
(Civil & criminal reference). |
| 505 ## - FORMATTED CONTENTS NOTE |
| Formatted contents note |
V. (6-10)-- |
| 650 ## - SUBJECT ADDED ENTRY--TOPICAL TERM |
| Topical term or geographic name entry element |
Lawyers. |
| 650 ## - SUBJECT ADDED ENTRY--TOPICAL TERM |
| Topical term or geographic name entry element |
Practice of law. |
| 700 ## - ADDED ENTRY--PERSONAL NAME |
| Personal name |
Babul, Mohammad Akbar Ameen. |
| 942 ## - ADDED ENTRY ELEMENTS (KOHA) |
| Source of classification or shelving scheme |
|
| Koha item type |
Book |